01226nam a2200313 a 4500001001200000003000800012006001900020007001500039008004100054010001700095020001500112020001800127020002700145040002100172035002100193050002400214100002400238245012500262260005200387300001400439440004300453504005100496533015200547650002400699655002900723710001700752856012600769999001700895ebr10621163CaPaEBRm u cr cn|||||||||950627s1994 enk sb 001 0 eng d z 95170531  z0851867340 z9780851867342 z9781847550811 (e-book) aCaPaEBRcCaPaEBR a(OCoLC)22807368914aQD96.F5bC74 1994eb1 aCresser, Malcolm S.10aFlame spectrometry in environmental chemical analysish[electronic resource] :ba practical guide /cMalcolm S. Cresser. aCambridge :bRoyal Society of Chemistry,c1994. ax, 108 p. 0aRSC analytical spectroscopy monographs aIncludes bibliographical references and index. aElectronic reproduction.bPalo Alto, Calif. :cebrary,d2011.nAvailable via World Wide Web.nAccess may be limited to ebrary affiliated libraries. 0aFlame spectroscopy. 7aElectronic books.2local2 aebrary, Inc.40uhttp://site.ebrary.com/lib/rucke/Doc?id=10621163zAn electronic book accessible through the World Wide Web; click to view c56687d56687